书目信息 |
| 题名: |
中国货币发展简史和表解
|
|
| 作者: | 千家驹 , 郭彦岗 编 | |
| 分册: | ||
| 出版信息: | 北京 人民出版社 1982 |
|
| 页数: | 100页 | |
| 开本: | 21cm | |
| 丛书名: | ||
| 单 册: | ||
| 中图分类: | F822.9 | |
| 科图分类: | ||
| 主题词: | 货币经济史--中国 | |
| 电子资源: | ||
| ISBN: | ||
| 000 | 00708nam0 2200241 45 | |
| 001 | 0182003188 | |
| 005 | 20060814085354.93 | |
| 010 | @dCNY0.95 | |
| 091 | @a11001.446 | |
| 100 | @a19950612d1982 em y0chiy0121 ea | |
| 101 | 0 | @achi |
| 102 | @aCN@b110000 | |
| 105 | @akf z 000yy | |
| 200 | 10 | @a中国货币发展简史和表解@Azhong guo huo bi fa zhan jian shi he biao jie@f千家驹,郭彦岗编@Fqian jia ju,guo yan gang bian |
| 210 | @a北京@c人民出版社@d1982 | |
| 215 | @a100页@c照片@d21cm | |
| 606 | @a货币经济史@y中国 | |
| 690 | @aF822.9@v3 | |
| 701 | 0 | @a千家驹@Aqian jia ju@4编 |
| 701 | 0 | @a郭彦岗@Aguo yan gang@4编 |
| 801 | 2 | @aCN@bNLC@c20060814 |
| 801 | 0 | @aCN@b上海图书馆@c20060622 |
| 905 | @dF822.9@e10 | |
| 中国货币发展简史和表解/千家驹,郭彦岗编.-北京:人民出版社,1982 |
| 100页:照片;21cm |
| ISBN :CNY0.95 |
| ● |
| 相关链接 |
|
|
|
|
正题名:中国货币发展简史和表解
索取号:F822.9/10
 
预约/预借
| 序号 | 登录号 | 条形码 | 馆藏地/架位号 | 状态 | 备注 |
| 1 | 0063900 | 000491970 | 第一借阅区/ [索取号:F822.9/10] | 在馆 | |
| 2 | 0205607 | 000491989 | 第一样本阅览室/ [索取号:F822.9/10] | 在馆 | |
| 3 | 0421249 | 204212495 | 密集书库/ [索取号:F822.9/10] | 在馆 | |
| 4 | 0421250 | 204212501 | 密集书库/ [索取号:F822.9/10] | 在馆 | |
| 5 | 0421774 | 204217748 | 密集书库/ [索取号:F822.9/10] | 在馆 | |
| 6 | 0459634 | 204596348 | 密集书库/ [索取号:F822.9/10] | 在馆 | |
| 7 | 0459635 | 204596357 | 密集书库/ [索取号:F822.9/10] | 在馆 |